| 000 | 00893cam a2200301 4500 | ||
|---|---|---|---|
| 008 | 090401t1995 xxu||||| |||| 00| 0 eng d | ||
| 020 | _a0854066837 | ||
| 035 | _a(Sirsi) u61698 | ||
| 041 | _aeng | ||
| 050 | _a333.0062 | ||
| 090 | _aRICS 1995/31ABCD | ||
| 100 | _aBond, Ian | ||
| 245 | _aGuide to the RICS Members` Accounts Regulations. | ||
| 260 |
_aLondon _bRICS _c1995 |
||
| 300 | _a42p. ; 30cm. | ||
| 350 | _a19.95 | ||
| 520 | _aNew regualtions came into force on 01.01.1994. | ||
| 650 | _aACCOUNTANTS REPORTS REGULATIONS | ||
| 650 | _aABOUT RICS-RICS MEMBERS | ||
| 650 | _aCLIENTS MONEY | ||
| 650 | _aGUIDANCE NOTES | ||
| 650 | _aLIVESTOCK AUCTIONEERS | ||
| 650 | _aRICS MEMBERS' ACCOUNTS RULES | ||
| 690 | _aMANAGEMENT-BUSINESS MANAGEMENT-PROFESSIONAL PRACTICE | ||
| 710 |
_aRoyal Institution of Chartered Surveyors _94900 |
||
| 942 | _n0 | ||
| 948 | _c04/03/1997 | ||
| 999 |
_c94338 _d94338 |
||